| 000 | 02560cam a22004694i 4500 | ||
|---|---|---|---|
| 003 | PE-LiUPU | ||
| 005 | 20250731173330.0 | ||
| 008 | 150625s2006 sp a r 000 0 spa d | ||
| 020 | _a9788496567191 | ||
| 035 | _a(Sirsi) i9788496567191 | ||
| 040 |
_aPE-LiUPU _bspa _cPE-LiUPU _erda |
||
| 049 | _aPRUA | ||
| 082 | 0 | 4 |
_a248.1 _bA31 _221 |
| 100 | 1 |
_aAgudelo C., Humberto A., _eautor. |
|
| 245 | 1 | 0 |
_aVitaminas para revitalizar tu vida / _cHumberto A. Agudelo C. |
| 264 | 1 |
_aMadrid : _bPaulinas, _c2006. |
|
| 300 |
_a217 páginas : _bilustraciones ; _c22 centímetros |
||
| 336 |
_atext _2rdacontent |
||
| 337 |
_aunmediated _2rdamedia |
||
| 338 |
_avolume _2rdacarrier |
||
| 490 | 1 |
_aDinamismo y vida ; _v6 |
|
| 505 | 0 | _aVitaminas introductorias -- Vitaminas para la conformidad -- Vitaminas para la sinceridad -- Vitaminas para la obediencia -- Vitaminas para la generosidad -- Vitaminas para la bondad -- Vitaminas para la responsabilidad -- Vitaminas para la paciencia -- Vitaminas para el trabajo -- Vitaminas para la perseverancia -- Vitaminas para la gratitud -- Vitaminas para el perdón -- Vitaminas para la amistad -- Vitaminas para la sociabilidad -- Vitaminas para la sobriedad -- Vitaminas para el respeto -- Vitaminas para la tolerancia -- Vitaminas para el optimismo -- Vitaminas para la humildad -- Vitaminas para la audacia -- Vitaminas para la lealtad -- Vitaminas para la comprensión -- Vitaminas para la flexibilidad -- Vitaminas para la justicia -- Vitaminas para la fortaleza -- Vitaminas para la justicia -- Vitaminas para la fortaleza -- Vitaminas para la templanza -- Vitaminas para la prudencia -- Vitaminas para la fe -- Vitaminas para la esperanza -- Vitaminas para el amor. | |
| 526 | _aSEG42 | ||
| 526 | _aSEG41 | ||
| 526 | _aSEG40 | ||
| 526 | _aSEG39 | ||
| 526 | _aP94 | ||
| 526 | _aP87 | ||
| 526 | _aP86 | ||
| 526 | _aP85 | ||
| 526 | _aP77 | ||
| 526 | _aP76 | ||
| 526 | _aP35 | ||
| 541 | _g006-0035866; | ||
| 650 | 0 | 4 | _aVida cristiana. |
| 910 |
_bjv _clch _d20090114 |
||
| 942 |
_2ddc _cBOOK |
||
| 949 |
_a248.1 A31 _wDEWEY _c1 _i59154 _d2016-11-11 _e2016-11-9 _lCCODEBUL1 _mBUL _n1 _r0 _sY _tBOOK _u2015-6-25 _xTEOLOGIA _PP35 _0COMPRA _o.STAFF. Colección Teología |
||
| 994 |
_aC0 _bPEPRU |
||
| 596 | _a1 | ||
| 999 |
_a248.1 A31 _wDEWEY _c47967 _i59154 _d47967 _e2018-11-22 _f2021-11-10 _g5 _lCCODEBUL1 _mBUL _n6 _p25.00 _q1 _r0 _sY _tBOOK _u2015-6-25 _xTEOLOGIA _PP35 _0COMPRA _o.STAFF. Colección Teología |
||
| 980 |
_81 _gALBERTO SANCHEZ Responsable de Automatización |
||